Die bevölkerungsreichsten Städte, Dörfer und Gemeinden der Schweiz - Statistiken

Allgemein
  • Dieses Quiz wurde 387 mal gespielt
  • Das Durchschnittsergebnis liegt bei 59 aus 148
Antwortstatistiken
Einwohner Antwort % Korrekt
396'027 Zürich ZH
99%
140'634 Bern BE
98%
194'565 Genève GE
97%
168'620 Basel BS
96%
135'629 Lausanne VD
91%
81'284 Luzern LU
91%
75'310 St. Gallen SG
90%
106'778 Winterthur ZH
87%
63'668 Lugano TI
84%
20'445 Aarau AG
83%
53'667 Biel/Bienne BE
83%
33'641 Neuchâtel NE
81%
34'547 Chur GR
80%
43'303 Thun BE
80%
38'288 Fribourg FR
79%
28'603 Zug ZG
78%
35'927 Schaffhausen SH
77%
18'131 Bellinzona TI
75%
15'803 Locarno TI
75%
33'296 Sion VS
74%
16'545 Solothurn SO
74%
17'350 Olten SO
69%
24'578 Frauenfeld TG
66%
23'715 Wil SG
66%
18'670 Baden AG
64%
13'956 Liestal BL
64%
26'208 Montreux VD
62%
14'785 Schwyz SZ
62%
11'136 Davos GR
60%
12'445 Glarus GL
59%
29'406 Yverdon-les-Bains VD
59%
18'373 Kloten ZH
56%
26'277 Dietikon ZH
55%
29'292 Emmen LU
55%
15'512 Herisau AR
55%
39'998 Köniz BE
55%
33'412 Uster ZH
53%
39'027 La Chaux-de-Fonds NE
52%
19'738 Nyon VD
52%
27'229 Kriens LU
51%
26'759 Dübendorf ZH
48%
21'290 Kreuzlingen TG
48%
19'220 Vevey VD
48%
11'104 Brugg AG
47%
15'523 Cham ZG
47%
10'232 Sarnen OW
46%
23'228 Baar ZG
45%
15'316 Langenthal BE
45%
17'538 Muttenz BL
45%
18'895 Bülach ZH
44%
20'033 Horgen ZH
44%
15'998 Burgdorf BE
43%
18'053 Gossau SG
43%
17'342 Martigny VS
42%
17'631 Thalwil ZH
42%
15'446 Wohlen AG
42%
15'601 Pratteln BL
41%
12'897 Rheinfelden AG
41%
23'938 Wetzikon ZH
41%
21'464 Bulle FR
40%
16'480 Grenchen SO
40%
13'329 Meilen ZH
40%
17'905 Schlieren ZH
40%
12'555 Spiez BE
40%
11'275 Pfäffikon ZH
39%
21'245 Wädenswil ZH
38%
20'221 Wettingen AG
38%
11'040 Spreitenbach AG
37%
14'128 Arbon TG
36%
12'187 Buchs SG
36%
14'183 Lyss BE
36%
26'875 Rapperswil-Jona SG
36%
14'949 Einsiedeln SZ
35%
10'659 Romanshorn TG
35%
20'910 Carouge GE
34%
12'485 Delsberg JU
34%
13'955 Stäfa ZH
34%
15'373 Wallisellen ZH
34%
20'411 Allschwil BL
33%
14'929 Mendrisio TI
33%
15'465 Morges VD
33%
20'774 Riehen BS
33%
34'477 Vernier GE
33%
12'967 Muri bei Bern BE
32%
17'173 Opfikon ZH
32%
12'695 Uzwil SG
32%
11'552 Affoltern am Albis ZH
31%
13'813 Horw LU
30%
18'810 Reinach BL
30%
15'703 Steffisburg BE
30%
11'210 Zofingen AG
30%
13'849 Küsnacht ZH
29%
30'919 Lancy GE
29%
17'478 Regensdorf ZH
29%
18'448 Adliswil ZH
28%
10'323 Flawil SG
28%
21'993 Meyrin GE
28%
17'409 Monthey VS
28%
16'694 Ostermundigen BE
28%
17'624 Pully VD
28%
11'039 Weinfelden TG
28%
15'092 Binningen BL
27%
17'587 Glarus Nord GL
27%
13'210 Oftringen AG
27%
20'446 Renens VD
27%
12'395 Küssnacht SZ
26%
10'537 Männedorf ZH
26%
11'646 Münsingen BE
24%
10'331 Neuhausen am Rheinfall SH
24%
18'305 Onex GE
24%
16'547 Siders VS
24%
18'437 Volketswil ZH
24%
11'466 Belp BE
23%
12'781 Ebikon LU
23%
15'981 Freienbach SZ
23%
13'035 Richterswil ZH
23%
11'273 Altstätten SG
22%
11'423 Worb BE
22%
12'814 Amriswil TG
21%
10'799 Hinwil ZH
21%
11'301 Arth SZ
20%
16'288 Illnau-Effretikon ZH
20%
10'433 Le Locle NE
20%
12'010 Rüti ZH
19%
11'882 Münchenstein BL
18%
10'155 Aesch BL
17%
11'250 Ittigen BE
17%
11'404 Bassersdorf ZH
16%
10'313 Birsfelden BL
16%
10'746 Möhlin AG
16%
10'097 Zollikofen BE
16%
16'399 Val-de-Ruz NE
15%
13'057 Versoix GE
15%
12'058 Prilly VD
14%
12'597 Gland VD
13%
10'917 Oberwil BL
12%
12'137 Villars-sur-Glâne FR
12%
10'036 Risch ZG
9%
12'935 Brig-Glis VS
8%
12'164 Ecublens VD
7%
11'197 La Tour-de-Peilz VD
7%
10'999 Veyrier GE
6%
12'033 Le Grand-Saconnex GE
4%
10'854 Val-de-Travers NE
4%
10'281 Plan-les-Ouates GE
3%
11'105 Chêne-Bougeries GE
2%
13'971 Thônex GE
0%
12'533 Zollikon ZH
0%
Keine übereinstimmenden Quizze gefunden
Verteilung der Resultate
Anzahl Personen mit jedem Resultat
Perzentil nach korrekt beantworteten Fragen
Ihre Resultats-Entwicklung
Sie haben dieses Quiz noch nicht gespielt